000 00458nam a2200181Ia 4500
001 22952
005 20260414150905.0
008 260414t2016||||xx |||||||||||||| ||spa||
041 _aESP
082 _a624.171
_bC78
100 _aCorchero Rubio, José Alberto
_eAUT
245 0 _aCálculo de estructuras :
_bresolución práctica
260 _c2016
300 _ax, 644 páginas :
_c23 cm.
650 _a0
654 _aCIC
942 _cLIB
_dJUS
_fJUS
_2ddc
_n
999 _c22952
_d22952